MARC

LEADER 00000nam0a2200000 4500
001 197309
005 20231031183423.0
010 |a 5020032654 
020 |a RU  |b 90-71886 
035 |a (RuTPU)RU\TPU\book\215215 
090 |a 197309 
100 |a 20110608d1990 k y0rusy5003 ca 
101 0 |a rus 
102 |a RU 
105 |a a z 001zy 
200 1 |a Петрология зон фильтрации термальных растворов  |f С. А. Коренбаум  |g отв. ред. М. А. Мишкин 
210 |a Москва  |c Наука  |d 1990 
215 |a 279 с.  |c ил.  |d 22 см 
225 1 |a Литература по геологии 
320 |a Библиогр.: с. 268-276 (175 назв.). 
610 1 |a термальные растворы 
610 1 |a фильтрация 
610 1 |a петрология 
610 1 |a пегальмиты 
610 1 |a диазевгиты 
610 1 |a минералы 
610 1 |a минеральные ассоциации 
610 1 |a диазевгитовые тела 
610 1 |a внутреннее строение 
610 1 |a формирование 
610 1 |a метасоматические породы 
610 1 |a зональность 
610 1 |a пегальмитовые ореолы 
610 1 |a условия 
675 |a 552.11  |z rus  |v 3 
675 |a 553.065  |z rus  |v 3 
700 1 |a Коренбаум  |b С. А.  |g Самуил Александрович  |4 070 
702 1 |a Мишкин  |b М. А.  |4 340 
801 0 |a RU  |b RuMRKP  |c 19950417  |g psbo 
801 1 |a RU  |b 63413507  |c 20110608 
801 2 |a RU  |b 63413507  |c 20161004  |g RCR 
942 |c BK